00405nam a2200157Ia 450000500170000000800410001704000190005804100120007708200160008910000180010524500560012326000280017930000110020765000190021885000100023720230523122947.0131103s9999 xx 000 0 und d aLoreto College aEnglish a824.91bHUD aHudson, Derek 4aThe forgotten kingb and other essay cDerek Hudson aLondonbconstablec1960 a287p.  aEnglish essays aLCLIB